| 000 | 00489nam a2200181Ia 4500 | ||
|---|---|---|---|
| 999 |
_c1825 _d1825 |
||
| 003 | OSt | ||
| 005 | 20200924150602.0 | ||
| 008 | 190216s9999||||xx |||||||||||||| ||und|| | ||
| 020 | _a9788126525737 | ||
| 040 | _coclc | ||
| 082 |
_a620.4 _bDRE/N |
||
| 100 |
_aDrexler, K Eric _94970 |
||
| 245 | 0 |
_aNanosystems / _cK Eric Drexler |
|
| 260 |
_bWiley Students, _c2010. _aNew Delhi: |
||
| 300 | _a556p | ||
| 650 | _aBotany | ||
| 942 |
_cBK _2ddc _h620.4 _iDRE/N _k620.4 _mDRE/N |
||